El Teatre de la Ciutat / Lluís Duran i Ventosa
Publicado:
Barcelona :
Escola Catalana d'Art Dramàtic de la Mancomunitat de Catalunya i l'Ajuntament de Barcelona ,
1921
Descripción Física:
15 p. ; 26 cm
Materias:
Teatre -- Barcelona (Catalunya)
MARC
| LEADER | 00000nam a2200000Ia 4500 | ||
|---|---|---|---|
| 001 | 2347 | ||
| 008 | 160829s1921 xx 000 0 cat d | ||
| 080 | |a RF-5-7 | ||
| 100 | 1 | |a Duran i Ventosa, Lluís, |d 1870-1954 |9 24177 | |
| 245 | |a El Teatre de la Ciutat / Lluís Duran i Ventosa | ||
| 260 | |a Barcelona : |b Escola Catalana d'Art Dramàtic de la Mancomunitat de Catalunya i l'Ajuntament de Barcelona, |c 1921 | ||
| 300 | |a 15 p. ; |c 26 cm | ||
| 590 | |a Hi ha un duplicat a DUP-65-18 | ||
| 650 | 0 | |a Teatre |x Barcelona (Catalunya) |9 21513 | |
| 710 | 1 | |a Barcelona (Catalunya). |b Ajuntament |9 50981 | |
| 710 | 2 | |a Escola Catalana d'Art Dramàtic |9 55259 | |
| 856 | 4 | |u https://media.diba.cat/diba/fitxers/arxiu/fulletons/bib_2347_1921_baixa.pdf |y Accés lliure | |
| 856 | 4 | |u https://media.diba.cat/diba/fitxers/arxiu/fulletons/bib_2347_1921_baixa.pdf |y Accés lliure | |
| 901 | |a Arxiu | ||
| 942 | |n 1 |2 udc | ||
| 952 | |0 0 |1 0 |4 0 |6 RF57 |7 1 |9 44180 |a Arxiu |b Arxiu |d 2016-12-01 |l 0 |o RF-5-7 |p 2347 |r 2016-12-01 00:00:00 |w 2016-12-01 |y ARXIU | ||
| 999 | |c 46760 |d 46760 | ||
| 900 | |a bib_2347_1921_baixa.pdf | ||